| 000 | 00711nam a22001817a 4500 | ||
|---|---|---|---|
| 008 | 160513b xxu||||| |||| 00| 0 eng d | ||
| 020 | _a978-971-0426-10-2 | ||
| 082 |
_22009 _aDFil 899.21040080921 _bL76 |
||
| 100 |
_98112 _aLiwag, Ma. Emma Concepcion D. |
||
| 245 |
_aIn their own voice: _bthe art of being and becoming/ _cMa. Emma Concepcion D. Liwag and Rofel G. Brion, editors. |
||
| 260 |
_aQuezon City: _bAteneo de Manila University Loyola Schools, _cc2009. |
||
| 300 |
_aviii, 117 pages; _c23 cm. |
||
| 500 | _aIncludes bibliographical references. | ||
| 650 | 0 |
_98114 _aCollege student's writing, Philippines. |
|
| 650 | 0 |
_98115 _aPhilippine essays. |
|
| 700 |
_98113 _aBrion, Rofel G. |
||
| 942 |
_2ddc _cDFIL |
||
| 999 |
_c2456 _d2456 |
||